Transaction processing : (Record no. 671)
[ view plain ]
| 000 -LEADER | |
|---|---|
| fixed length control field | 01104nac a22002291u 4500 |
| 008 - FIXED-LENGTH DATA ELEMENTS--GENERAL INFORMATION | |
| fixed length control field | 100831t xxu||||| |||| 00| 0 eng d |
| 010 ## - LIBRARY OF CONGRESS CONTROL NUMBER | |
| LC control number | 92025954 |
| 020 ## - INTERNATIONAL STANDARD BOOK NUMBER | |
| International Standard Book Number | 1558601902 |
| 082 00 - DEWEY DECIMAL CLASSIFICATION NUMBER | |
| Classification number | 004.33 |
| Item number | G7781 |
| 100 ## - MAIN ENTRY--PERSONAL NAME | |
| Personal name | Gray, Jim, |
| 9 (RLIN) | 17744 |
| 245 10 - TITLE STATEMENT | |
| Title | Transaction processing : |
| Remainder of title | concepts and techniques / |
| Statement of responsibility, etc | Jim Gray, Andreas Reuter. |
| 260 ## - PUBLICATION, DISTRIBUTION, ETC. (IMPRINT) | |
| Place of publication, distribution, etc | San Mateo, Calif. : |
| Name of publisher, distributor, etc | Morgan Kaufmann Publishers, |
| Date of publication, distribution, etc | c1993. |
| 300 ## - PHYSICAL DESCRIPTION | |
| Extent | xxxii, 1070 p. : |
| Other physical details | ill. ; |
| Dimensions | 25 cm. |
| 440 #4 - | |
| -- | The Morgan Kaufmann series in data management systems |
| -- | 17745 |
| 504 ## - BIBLIOGRAPHY, ETC. NOTE | |
| Bibliography, etc | Includes bibliographical references (p. 975-992) and index. |
| 650 #0 - SUBJECT ADDED ENTRY--TOPICAL TERM | |
| Topical term or geographic name as entry element | Transaction systems (Computer systems) |
| 9 (RLIN) | 17746 |
| 700 1# - ADDED ENTRY--PERSONAL NAME | |
| Personal name | Reuter, A. |
| Fuller form of name | (Andreas) |
| 9 (RLIN) | 17747 |
| 856 42 - ELECTRONIC LOCATION AND ACCESS | |
| Materials specified | Publisher description |
| Uniform Resource Identifier | <a href="http://www.loc.gov/catdir/description/els032/92025954.html">http://www.loc.gov/catdir/description/els032/92025954.html</a> |
| 856 42 - ELECTRONIC LOCATION AND ACCESS | |
| Materials specified | Table of contents |
| Uniform Resource Identifier | <a href="http://www.loc.gov/catdir/toc/els032/92025954.html">http://www.loc.gov/catdir/toc/els032/92025954.html</a> |
| 942 ## - ADDED ENTRY ELEMENTS (KOHA) | |
| Item type | Book - Borrowing |
| Call number prefix | 004.33G7781 |
| Source of classification or shelving scheme | Dewey Decimal Classification |
| Withdrawn status | Item status | Source of classification or shelving scheme | Damaged status | Not for loan | Vendor | Home library | Current library | Shelving location | Date acquired | Source of acquisition | Cost, normal purchase price | Total Checkouts | Full call number | Barcode | Date last seen | Cost, replacement price | Koha item type |
|---|---|---|---|---|---|---|---|---|---|---|---|---|---|---|---|---|---|
| Dewey Decimal Classification | Central Library | Central Library | Lower Floor | 24/07/2006 | 220.00 | 004.33 GRA | 000003934 | 15/07/2025 | 275.00 | Book - Borrowing |